000 00315nam a22001457a 4500
008 221104b ||||| |||| 00| 0 eng d
020 _a0471112291
041 _aeng
080 _a610.73
082 _a610.73 BRO
100 _a7
101 _aINF
245 _aRECALL AND RECOGNITION
_cBROWN J
942 _2udc
_cBK
999 _c58751
_d58751